| 000 | 00509cam a2200193ua 4500 | ||
|---|---|---|---|
| 001 | 3284 | ||
| 005 | 20260515113647.0 | ||
| 008 | 111014n ii |||gr||||Z||||||asm | ||
| 040 | _cMAIN | ||
| 082 | _a891.4513 | ||
| 100 | 1 |
_aKoyoky, Prafulla, _eAuthor. |
|
| 245 | 1 | 1 |
_aSwarajottor asomiya upanyasa samikha _cby Prafulla Kotoky |
| 250 | _a1st. | ||
| 260 |
_aGuahati: _bBina Library,979. |
||
| 300 |
_a235p: _c23cm. |
||
| 653 | _aAssamese novel | ||
| 653 | _aSwarajottor asomiya upanyasa samikha | ||
| 942 | _cBK | ||
| 999 |
_c3127 _d3127 |
||